=LDR 00000nam 2200000 4500 =001 INLIS000000000005177 =005 20130612093431 =008 ***********************************Ind** =035 ##$$0010-061300000005177 =041 ##$$a Ind =082 ##$$a 658.562 =090 ##$$a 658.562, Jur m =100 ##$$a JURAN, J.M =245 ##$$a Merancang mutu 2, J.M. Juran =260 ##$$a 1996 $b Jakarta =300 ##$$a vii, 256 hlm, ilus, 25 cm =650 ##$$a Manajemen Produksi =650 ##$$a Mutu =850 ##$$a NBPNMAT